Can you name these Game Of Thrones Characters? Quiz Stats

 Plays Quiz not verified by Sporcle

Challenge
Share
Tweet
Score 0/93 Timer 15:00
0 Plays Today
% Correct
Arya Stark
99.3%
Petyr Baelish
97.2%
Tommen Baratheon
94.9%
Bronn
94.6%
Brienne of Tarth
94.4%
Theon Greyjoy
94.2%
Roose Bolton
92.3%
Gilly
91.8%
Euron Greyjoy
91.6%
Cersei Lannister
85.7%
Jaime Lannister
85.5%
Tyrion Lannister
85.5%
Melisandre
84.6%
Jon Snow
84.6%
Jorah Mormont
84.3%
Sansa Stark
83.9%
Missandei
83.6%
Ramsay Bolton
83.4%
Bran Stark
82.7%
Daenerys Targaryen
82.5%
Samwell Tarly
82.5%
Lady Crane
82%
Davos Seaworth
82%
Robert Baratheon
82%
Khal Drogo
82%
Hodor
82%
Varys
81.8%
Stannis Baratheon
81.8%
Joffrey Baratheon
81.3%
Renly Baratheon
81.3%
Margaery Tyrell
81.1%
% Correct
Lysa Arryn
80.8%
Yara Greyjoy
80.8%
Myrcella Baratheon
80.6%
Ellaria Sand
79.9%
Olenna Tyrell
79.9%
Tywin Lannister
79.9%
High Sparrow
79.7%
Osha
79.4%
Gendry
79.2%
Oberyn Martell
79.2%
Daario Naharis
79%
Sandor Clegane
79%
Lancel Lannister
78.7%
Eddard Stark
78.5%
Tormund Giantsbane
78.3%
Robin Arryn
78.3%
Syrio Forel
78.3%
Robb Stark
78%
Balon Greyjoy
77.8%
Benjen Stark
77.8%
Ros
77.3%
Shae
77.1%
Catelyn Stark
77.1%
Viserys Targaryen
76.4%
Jeor Mormont
76.2%
Rickon Stark
76.2%
Ygritte
75.5%
Podrick Payne
75.2%
Mance Rayder
74.3%
Obara Sand
74.1%
Maester Luwin
74.1%
% Correct
Doran Martell
74.1%
Maester Aemon
73.6%
Barristan Selmy
73.4%
Maester Pycelle
73.1%
Trystane Martell
72.2%
Alliser Thorne
72.2%
Grenn
72%
Qyburn
71.7%
Talisa Stark
70.6%
Beric Dondarrion
69.9%
Jory Cassel
69.2%
Irri
68%
Pypar
67.8%
Tyene Sand
66.4%
Randyll Tarly
64.5%
Thoros of Myr
64.5%
Mirri Maz Duur
64.3%
Rodrik Cassel
63.6%
Septa Mordane
63.6%
Rickard Karstark
60%
Khal Moro
58.9%
Orell
58.9%
Illyrio Mopatis
58.6%
Nymeria Sand
57.5%
Brother Ray
56.5%
Dickon Tarly
51.6%
Jaqen H'ghar
46.3%
Marillion
32.9%
Areo Hotah
31.1%
Izembaro
24.8%
High Priestess
19.9%

You're not logged in!

Compare scores with friends on all Sporcle quizzes.
Join for Free
OR
Log In

You Might Also Like...

Show Comments

Extras

Top Quizzes Today


Score Distribution

Your Account Isn't Verified!

In order to create a playlist on Sporcle, you need to verify the email address you used during registration. Go to your Sporcle Settings to finish the process.

Report this User

Report this user for behavior that violates our Community Guidelines.

Details: